[Event "EYCC 2024 - G18"]
[Site "?"]
[Date "2024.08.30"]
[Round "8.1"]
[White "Karacsonyi, Kata"]
[Black "Orian, Noga"]
[Result "1/2-1/2"]
[BlackElo "2201"]
[WhiteElo "2184"]
[LiveChessVersion "1.4.8"]

1. e4 {[%clk 1:30:57]} c5 {[%clk 1:30:53]} 2. Nf3 {[%clk 1:31:21]} e6
{[%clk 1:31:18]} 3. b3 {[%clk 1:31:19]} Nc6 {[%clk 1:31:19]} 4. Bb2
{[%clk 1:30:54]} a6 {[%clk 1:31:20]} 5. e5 {[%clk 1:22:28]} Qc7 {[%clk 1:28:45]}
6. g3 {[%clk 1:07:49]} Nh6 {[%clk 1:24:13]} 7. Bg2 {[%clk 0:59:59]} Be7
{[%clk 1:24:24]} 8. O-O {[%clk 0:58:15]} O-O {[%clk 1:23:47]} 9. Qe2
{[%clk 0:48:43]} Nf5 {[%clk 1:19:43]} 10. Na3 {[%clk 0:44:45]} b6
{[%clk 1:13:33]} 11. c4 {[%clk 0:38:00]} Bb7 {[%clk 1:12:49]} 12. Nc2
{[%clk 0:37:15]} Rad8 {[%clk 1:05:46]} 13. Rad1 {[%clk 0:33:12]} d6
{[%clk 1:00:23]} 14. d4 {[%clk 0:23:57]} cxd4 {[%clk 0:55:27]} 15. exd6
{[%clk 0:22:26]} Rxd6 {[%clk 0:54:32]} 16. Ncxd4 {[%clk 0:17:33]} Ncxd4
{[%clk 0:53:31]} 17. Nxd4 {[%clk 0:17:16]} Nxd4 {[%clk 0:53:43]} 18. Rxd4
{[%clk 0:14:57]} Rxd4 {[%clk 0:52:45]} 19. Bxd4 {[%clk 0:15:18]} Bxg2
{[%clk 0:53:06]} 20. Kxg2 {[%clk 0:15:33]} Rd8 {[%clk 0:50:57]} 21. Qe4
{[%clk 0:13:25]} Bc5 {[%clk 0:47:14]} 22. Be5 {[%clk 0:13:00]} Qe7
{[%clk 0:46:24]} 23. Bc3 {[%clk 0:11:48]} Qd6 {[%clk 0:42:16]} 24. Re1
{[%clk 0:09:27]} Qd3 {[%clk 0:37:46]} 25. Qe5 {[%clk 0:06:02]} Bd4
{[%clk 0:37:57]} 26. Bxd4 {[%clk 0:06:22]} Qxd4 {[%clk 0:38:25]} 27. Qxd4
{[%clk 0:05:37]} Rxd4 {[%clk 0:38:54]} 28. Rc1 {[%clk 0:05:49]} Kf8
{[%clk 0:38:59]} 29. c5 {[%clk 0:05:54]} bxc5 {[%clk 0:39:25]} 30. Rxc5
{[%clk 0:06:21]} Ke7 {[%clk 0:37:03]} 31. Rc7+ {[%clk 0:04:12]} Kf6
{[%clk 0:36:46]} 32. Rc6 {[%clk 0:04:27]} a5 {[%clk 0:37:01]} 33. Rc5
{[%clk 0:00:36]} a4 {[%clk 0:36:39]} 34. Rb5 {[%clk 0:00:42]} axb3
{[%clk 0:36:19]} 35. axb3 {[%clk 0:00:56]} Rd3 {[%clk 0:34:20]} 36. h4
{[%clk 0:00:49]} h6 {[%clk 0:32:54]} 37. g4 {[%clk 0:00:41]} Rc3 {[%clk 0:32:05]}
38. f3 {[%clk 0:00:35]} Rc2+ {[%clk 0:31:25]} 39. Kg3 {[%clk 0:01:01]} Rb2
{[%clk 0:29:51]} 40. Kf4 {[%clk 0:00:35]} g5+ {[%clk 0:28:52]} 41. hxg5+
{[%clk 0:00:41]} hxg5+ {[%clk 0:29:21]} 42. Ke4 {[%clk 0:00:36]} Re2+
{[%clk 0:29:12]} 43. Kd3 {[%clk 0:01:01]} Rf2 {[%clk 0:29:33]} 44. Ke3
{[%clk 0:01:23]} Rc2 {[%clk 0:28:30]} 45. Kd3 {[%clk 0:01:02]} Rf2
{[%clk 0:28:53]} 46. Ke3 {[%clk 0:01:26]} Rc2 {[%clk 0:29:18]} 47. Kd3
{[%clk 0:00:38]} 1/2-1/2

[Event "EYCC 2024 - G18"]
[Site "?"]
[Date "2024.08.30"]
[Round "8.2"]
[White "Siekanska, Maria"]
[Black "Ter-Avetisjana, Agnesa Stepania"]
[Result "1-0"]
[BlackElo "2089"]
[WhiteElo "2097"]
[LiveChessVersion "1.4.8"]

1. d4 {[%clk 1:30:58]} d5 {[%clk 1:30:10]} 2. c4 {[%clk 1:31:22]} e6
{[%clk 1:30:35]} 3. Nf3 {[%clk 1:29:01]} dxc4 {[%clk 1:30:16]} 4. e3
{[%clk 1:27:00]} c5 {[%clk 1:27:12]} 5. Bxc4 {[%clk 1:27:04]} Nf6
{[%clk 1:27:30]} 6. O-O {[%clk 1:27:27]} a6 {[%clk 1:27:48]} 7. Bd3
{[%clk 1:24:36]} Nc6 {[%clk 1:25:24]} 8. Nc3 {[%clk 1:22:52]} cxd4
{[%clk 1:23:51]} 9. exd4 {[%clk 1:23:05]} Be7 {[%clk 1:23:51]} 10. a3
{[%clk 1:22:31]} O-O {[%clk 1:23:08]} 11. Bc2 {[%clk 1:22:13]} b6
{[%clk 1:12:38]} 12. Re1 {[%clk 1:20:49]} Bb7 {[%clk 1:05:07]} 13. Qd3
{[%clk 1:20:37]} Re8 {[%clk 0:58:17]} 14. d5 {[%clk 1:15:51]} exd5
{[%clk 0:35:49]} 15. Bg5 {[%clk 1:16:00]} Ne4 {[%clk 0:36:06]} 16. Nxe4
{[%clk 1:13:34]} dxe4 {[%clk 0:36:30]} 17. Qxe4 {[%clk 1:13:54]} g6
{[%clk 0:35:02]} 18. Qh4 {[%clk 1:12:51]} Bxg5 {[%clk 0:24:53]} 19. Nxg5
{[%clk 1:13:01]} h5 {[%clk 0:22:03]} 20. Bb3 {[%clk 0:56:08]} Ne5
{[%clk 0:14:17]} 21. Qf4 {[%clk 0:51:42]} Bd5 {[%clk 0:14:12]} 22. Ne4
{[%clk 0:38:37]} Bxb3 {[%clk 0:04:34]} 23. Nf6+ {[%clk 0:39:00]} Kg7
{[%clk 0:04:42]} 24. Nxe8+ {[%clk 0:39:14]} Qxe8 {[%clk 0:05:08]} 25. Qxe5+
{[%clk 0:39:18]} Qxe5 {[%clk 0:05:32]} 26. Rxe5 {[%clk 0:39:45]} Rc8
{[%clk 0:03:57]} 27. Re3 {[%clk 0:39:59]} Bd5 {[%clk 0:02:03]} 28. f3
{[%clk 0:38:04]} Rc2 {[%clk 0:01:07]} 29. Rd1 {[%clk 0:38:09]} Be6
{[%clk 0:01:10]} 30. b4 {[%clk 0:29:24]} h4 {[%clk 0:00:36]} 31. f4
{[%clk 0:24:33]} h3 {[%clk 0:00:38]} 32. gxh3 {[%clk 0:24:35]} a5
{[%clk 0:00:34]} 33. bxa5 {[%clk 0:23:46]} bxa5 {[%clk 0:01:03]} 34. Rd4
{[%clk 0:24:01]} Kf6 {[%clk 0:00:37]} 35. Ra4 {[%clk 0:22:43]} Rc5
{[%clk 0:00:38]} 36. Re5 {[%clk 0:22:10]} Rc3 {[%clk 0:00:38]} 37. Raxa5
{[%clk 0:21:19]} Rf3 {[%clk 0:00:38]} 38. Kg2 {[%clk 0:16:55]} Rxf4
{[%clk 0:00:56]} 39. Re2 {[%clk 0:16:18]} Rd4 {[%clk 0:00:53]} 40. Ra7
{[%clk 0:16:05]} Bd5+ {[%clk 0:00:58]} 41. Kf2 {[%clk 0:16:16]} Be6
{[%clk 0:00:34]} 42. a4 {[%clk 0:15:57]} Kf5 {[%clk 0:00:31]} 43. a5
{[%clk 0:15:44]} Ra4 {[%clk 0:01:00]} 44. Rc2 {[%clk 0:15:59]} Kf4
{[%clk 0:00:52]} 45. a6 {[%clk 0:09:08]} f5 {[%clk 0:00:35]} 46. Rg7
{[%clk 0:06:01]} Bd5 {[%clk 0:00:38]} 47. Rxg6 {[%clk 0:05:25]} Be4
{[%clk 0:01:07]} 48. Rd2 {[%clk 0:05:31]} Ra3 {[%clk 0:01:23]} 49. Rh6
{[%clk 0:03:09]} Kg5 {[%clk 0:00:54]} 50. Rdd6 {[%clk 0:02:23]} f4
{[%clk 0:00:52]} 51. Rhe6 {[%clk 0:02:18]} Ra2+ {[%clk 0:00:51]} 52. Ke1
{[%clk 0:02:34]} Kf5 {[%clk 0:00:37]} 53. Rf6+ {[%clk 0:02:13]} Ke5
{[%clk 0:00:32]} 54. Rde6+ {[%clk 0:02:17]} Kd5 {[%clk 0:00:55]} 55. Re7
{[%clk 0:02:19]} Ra1+ {[%clk 0:00:40]} 56. Kd2 {[%clk 0:02:31]} Ra2+
{[%clk 0:01:06]} 57. Kc3 {[%clk 0:02:37]} f3 {[%clk 0:00:45]} 58. a7
{[%clk 0:02:57]} Ra3+ {[%clk 0:01:09]} 59. Kb2 {[%clk 0:02:48]} Ra5
{[%clk 0:00:39]} 60. Rf4 {[%clk 0:02:58]} Ra6 {[%clk 0:00:54]} 61. Rfxe4
{[%clk 0:02:38]} Rxa7 {[%clk 0:01:09]} 62. Rxa7 {[%clk 0:02:58]} Kxe4
{[%clk 0:01:34]} 63. Rf7 {[%clk 0:03:26]} Ke3 {[%clk 0:01:56]} 64. h4
{[%clk 0:03:52]} 1-0

[Event "EYCC 2024 - G18"]
[Site "?"]
[Date "2024.08.30"]
[Round "8.3"]
[White "Tokarz, Izabela"]
[Black "Zelbova, Lada"]
[Result "1-0"]
[BlackElo "1983"]
[WhiteElo "1941"]
[LiveChessVersion "1.4.8"]

1. d4 {[%clk 1:30:59]} d5 {[%clk 1:30:49]} 2. c4 {[%clk 1:31:26]} e6
{[%clk 1:31:10]} 3. Nc3 {[%clk 1:31:54]} Bb4 {[%clk 1:31:17]} 4. Qa4+
{[%clk 1:31:26]} Nc6 {[%clk 1:31:34]} 5. a3 {[%clk 1:31:53]} Bxc3+
{[%clk 1:31:30]} 6. bxc3 {[%clk 1:32:21]} Nf6 {[%clk 1:25:39]} 7. Nf3
{[%clk 1:32:45]} O-O {[%clk 1:25:13]} 8. Bg5 {[%clk 1:33:13]} h6 {[%clk 1:24:31]}
9. Bh4 {[%clk 1:33:39]} Ne7 {[%clk 1:24:10]} 10. cxd5 {[%clk 1:24:10]} Qxd5
{[%clk 1:23:19]} 11. c4 {[%clk 1:20:22]} Qf5 {[%clk 1:23:16]} 12. e3
{[%clk 1:18:44]} c5 {[%clk 1:19:20]} 13. Rd1 {[%clk 1:15:42]} Bd7
{[%clk 1:14:32]} 14. Qb3 {[%clk 1:13:53]} cxd4 {[%clk 1:11:23]} 15. Rxd4
{[%clk 0:59:40]} g5 {[%clk 1:01:35]} 16. Bg3 {[%clk 0:59:38]} Nc6
{[%clk 1:01:15]} 17. Rd1 {[%clk 0:58:48]} Qa5+ {[%clk 0:57:52]} 18. Nd2
{[%clk 0:59:17]} Ne4 {[%clk 0:54:57]} 19. f3 {[%clk 0:52:07]} Nxg3
{[%clk 0:40:52]} 20. hxg3 {[%clk 0:52:35]} Qe5 {[%clk 0:36:41]} 21. f4
{[%clk 0:50:55]} gxf4 {[%clk 0:35:21]} 22. gxf4 {[%clk 0:51:20]} Qg7
{[%clk 0:31:17]} 23. Ne4 {[%clk 0:49:20]} f5 {[%clk 0:27:44]} 24. Nc5
{[%clk 0:49:01]} Qg3+ {[%clk 0:23:42]} 25. Ke2 {[%clk 0:49:22]} Be8
{[%clk 0:21:48]} 26. Nxe6 {[%clk 0:40:08]} Rf6 27. Rh3 {[%clk 0:38:38]} Bh5+
{[%clk 0:19:18]} 28. Rxh5 {[%clk 0:39:06]} Qg4+ {[%clk 0:18:44]} 29. Kf2
{[%clk 0:39:23]} Rxe6 {[%clk 0:08:09]} 30. Rh3 {[%clk 0:39:41]} Rg6
{[%clk 0:06:40]} 31. c5+ {[%clk 0:37:07]} Kf8 {[%clk 0:07:03]} 32. Rd7
{[%clk 0:35:48]} Rg7 {[%clk 0:06:03]} 33. Qxb7 {[%clk 0:31:00]} Nd8
{[%clk 0:02:56]} 34. Rxg7 {[%clk 0:30:32]} Nxb7 {[%clk 0:02:56]} 35. Rxg4
{[%clk 0:31:00]} fxg4 {[%clk 0:03:17]} 36. Rxh6 {[%clk 0:31:28]} Kg7
{[%clk 0:02:56]} 37. Rc6 {[%clk 0:31:56]} Na5 {[%clk 0:02:10]} 38. Rc7+
{[%clk 0:32:22]} Kf6 {[%clk 0:02:31]} 39. Kg3 {[%clk 0:32:39]} 1-0

[Event "EYCC 2024 - G18"]
[Site "?"]
[Date "2024.08.30"]
[Round "8.5"]
[White "Cornileau, Juliette"]
[Black "Bargan, Victoria"]
[Result "1/2-1/2"]
[BlackElo "1977"]
[WhiteElo "2116"]
[LiveChessVersion "1.4.8"]

1. e4 {[%clk 1:30:53]} d5 {[%clk 1:30:56]} 2. exd5 {[%clk 1:30:54]} Qxd5
{[%clk 1:31:22]} 3. Nc3 {[%clk 1:30:41]} Qd6 {[%clk 1:31:49]} 4. d4
{[%clk 1:25:21]} c6 {[%clk 1:30:13]} 5. Nf3 {[%clk 1:17:22]} Nf6 {[%clk 1:30:41]}
6. h3 {[%clk 1:12:07]} Bf5 {[%clk 1:31:06]} 7. Be2 {[%clk 1:08:15]} g6
{[%clk 1:30:02]} 8. Be3 {[%clk 1:06:07]} Bg7 {[%clk 1:30:17]} 9. Qd2
{[%clk 1:00:56]} O-O {[%clk 1:26:50]} 10. O-O Qd8 {[%clk 1:13:05]} 11. Bh6
{[%clk 0:48:46]} Nbd7 {[%clk 1:08:22]} 12. Bxg7 {[%clk 0:47:56]} Kxg7
{[%clk 1:08:46]} 13. Bc4 {[%clk 0:45:26]} Nb6 {[%clk 1:08:48]} 14. Bb3
{[%clk 0:45:46]} Nbd5 {[%clk 1:06:09]} 15. Nxd5 {[%clk 0:38:31]} cxd5
{[%clk 1:05:56]} 16. Rfe1 {[%clk 0:37:18]} a5 {[%clk 1:04:48]} 17. a4
{[%clk 0:36:44]} Be4 {[%clk 0:53:13]} 18. Ne5 {[%clk 0:36:04]} Nd7
{[%clk 0:42:41]} 19. Nxd7 {[%clk 0:24:18]} Qxd7 {[%clk 0:43:06]} 20. f3
{[%clk 0:24:19]} Bf5 {[%clk 0:43:17]} 21. Qe3 {[%clk 0:24:12]} Be6 22. f4
{[%clk 0:17:40]} Ra6 {[%clk 0:31:22]} 23. Re2 {[%clk 0:07:53]} Re8
{[%clk 0:29:26]} 24. g4 {[%clk 0:07:47]} f6 {[%clk 0:29:39]} 25. Rae1
{[%clk 0:05:46]} Bf7 {[%clk 0:28:44]} 26. Qf3 {[%clk 0:05:39]} Re6
{[%clk 0:25:22]} 27. Rxe6 {[%clk 0:04:48]} Bxe6 {[%clk 0:25:40]} 28. c3
{[%clk 0:04:06]} Bf7 {[%clk 0:25:43]} 29. Kf2 {[%clk 0:03:42]} Qd6
{[%clk 0:25:31]} 30. Re2 {[%clk 0:03:09]} e5 {[%clk 0:25:33]} 31. fxe5
{[%clk 0:02:36]} fxe5 {[%clk 0:25:59]} 32. Kg2 {[%clk 0:02:10]} e4
{[%clk 0:25:11]} 33. Qg3 {[%clk 0:02:39]} Qxg3+ {[%clk 0:25:14]} 34. Kxg3
{[%clk 0:03:08]} g5 {[%clk 0:25:26]} 35. Bc2 {[%clk 0:01:37]} Rc8
{[%clk 0:24:40]} 36. Bb3 {[%clk 0:01:04]} Re8 {[%clk 0:24:21]} 1/2-1/2

[Event "EYCC 2024 - G18"]
[Site "?"]
[Date "2024.08.30"]
[Round "8.6"]
[White "Alexandri, Dimitra"]
[Black "Blokhin, Sofia"]
[Result "1/2-1/2"]
[BlackElo "2052"]
[WhiteElo "2008"]
[LiveChessVersion "1.4.8"]

1. e4 {[%clk 1:30:57]} c5 {[%clk 1:30:55]} 2. Nf3 {[%clk 1:31:21]} e6
{[%clk 1:31:19]} 3. d4 {[%clk 1:31:45]} cxd4 {[%clk 1:31:44]} 4. Nxd4
{[%clk 1:32:05]} a6 {[%clk 1:32:09]} 5. c4 {[%clk 1:32:25]} Nf6 {[%clk 1:32:30]}
6. Nc3 {[%clk 1:32:47]} Bb4 {[%clk 1:32:51]} 7. Qd3 {[%clk 1:33:04]} Qc7
{[%clk 1:32:11]} 8. a3 {[%clk 1:32:44]} Bxc3+ {[%clk 1:31:53]} 9. Qxc3
{[%clk 1:29:58]} O-O {[%clk 1:27:04]} 10. f3 {[%clk 1:28:46]} d5 {[%clk 1:16:21]}
11. Bg5 {[%clk 1:16:20]} Nbd7 {[%clk 1:01:12]} 12. exd5 {[%clk 1:01:58]} exd5
{[%clk 0:59:05]} 13. O-O-O {[%clk 0:56:17]} dxc4 {[%clk 0:53:46]} 14. Bxc4
{[%clk 0:52:14]} Kh8 {[%clk 0:52:44]} 15. Bb3 {[%clk 0:43:10]} Qxc3+
{[%clk 0:45:14]} 16. bxc3 {[%clk 0:43:15]} b5 {[%clk 0:44:07]} 17. Rhe1
{[%clk 0:41:04]} Nc5 {[%clk 0:41:31]} 18. Bxf6 {[%clk 0:40:13]} gxf6
{[%clk 0:37:47]} 19. Re7 {[%clk 0:36:25]} Nxb3+ {[%clk 0:33:41]} 20. Nxb3
{[%clk 0:36:50]} Be6 {[%clk 0:33:52]} 21. Nc5 {[%clk 0:36:24]} Bc4
{[%clk 0:32:25]} 22. Nd7 {[%clk 0:27:57]} Rg8 {[%clk 0:25:33]} 23. g3
{[%clk 0:24:31]} Rge8 {[%clk 0:20:20]} 24. Rde1 {[%clk 0:12:33]} Rxe7
{[%clk 0:20:34]} 25. Rxe7 {[%clk 0:12:59]} Ra7 {[%clk 0:20:26]} 26. Re8+
{[%clk 0:11:53]} Kg7 {[%clk 0:20:51]} 27. Nc5 {[%clk 0:10:47]} a5
{[%clk 0:14:20]} 28. Ne4 {[%clk 0:08:34]} Rc7 {[%clk 0:12:29]} 29. Kb2
{[%clk 0:06:50]} Rc6 {[%clk 0:08:09]} 30. g4 {[%clk 0:05:01]} Bd3
{[%clk 0:06:13]} 31. Ng3 {[%clk 0:04:46]} h6 {[%clk 0:04:37]} 32. Rd8
{[%clk 0:04:25]} Bc4 {[%clk 0:04:08]} 33. Nf5+ {[%clk 0:03:03]} Kh7
{[%clk 0:04:18]} 34. Nd4 {[%clk 0:03:04]} Rb6 {[%clk 0:03:29]} 35. Ra8
{[%clk 0:02:46]} a4 {[%clk 0:03:34]} 36. Re8 {[%clk 0:02:11]} Be6
{[%clk 0:02:58]} 37. h4 h5 38. gxh5 {[%clk 0:01:28]} Kh6 {[%clk 0:01:09]} 39. f4
{[%clk 0:01:03]} f5 {[%clk 0:01:31]} 40. Rh8+ {[%clk 0:01:04]} Kg7
{[%clk 0:01:56]} 41. Re8 {[%clk 0:01:01]} Kh6 {[%clk 0:02:13]} 42. Rh8+
{[%clk 0:00:45]} Kg7 {[%clk 0:02:38]} 43. Re8 {[%clk 0:00:54]} Kh6
{[%clk 0:03:03]} 44. Rh8+ {[%clk 0:00:45]} 1/2-1/2

[Event "EYCC 2024 - G18"]
[Site "?"]
[Date "2024.08.30"]
[Round "8.7"]
[White "Weersing, Abigail Riis"]
[Black "Deladerriere, Calypso"]
[Result "1-0"]
[BlackElo "2044"]
[WhiteElo "1925"]
[LiveChessVersion "1.4.8"]

1. d4 {[%clk 1:30:57]} Nf6 {[%clk 1:30:39]} 2. c4 {[%clk 1:31:22]} e6
{[%clk 1:30:54]} 3. Nc3 {[%clk 1:31:46]} Bb4 {[%clk 1:31:02]} 4. Qc2
{[%clk 1:32:10]} d5 {[%clk 1:31:00]} 5. cxd5 {[%clk 1:32:32]} exd5
{[%clk 1:31:14]} 6. Nf3 {[%clk 1:32:29]} c5 {[%clk 1:31:01]} 7. e3
{[%clk 1:31:07]} c4 {[%clk 1:30:15]} 8. Be2 {[%clk 1:23:39]} O-O {[%clk 1:28:43]}
9. O-O {[%clk 1:23:54]} Nc6 {[%clk 1:27:03]} 10. Ne5 {[%clk 1:17:57]} Ne7
{[%clk 1:22:27]} 11. Qa4 {[%clk 1:08:05]} Bxc3 {[%clk 1:17:21]} 12. bxc3
{[%clk 1:08:26]} Ne4 {[%clk 1:17:34]} 13. Qc2 {[%clk 1:05:32]} Bf5
{[%clk 1:10:21]} 14. g4 {[%clk 1:03:23]} f6 {[%clk 1:04:49]} 15. Nxc4
{[%clk 0:51:04]} Bg6 {[%clk 0:51:33]} 16. Bd3 {[%clk 0:51:08]} Ng5
{[%clk 0:49:32]} 17. Bxg6 {[%clk 0:47:10]} Nf3+ {[%clk 0:48:46]} 18. Kg2
{[%clk 0:46:57]} Nh4+ {[%clk 0:49:05]} 19. Kh1 {[%clk 0:47:20]} Nexg6
{[%clk 0:49:02]} 20. Nd2 {[%clk 0:44:35]} f5 {[%clk 0:42:51]} 21. Ba3
{[%clk 0:43:26]} Rf7 {[%clk 0:40:42]} 22. gxf5 {[%clk 0:41:38]} Nxf5
{[%clk 0:40:04]} 23. e4 {[%clk 0:33:05]} Nfh4 {[%clk 0:35:39]} 24. Qd3
{[%clk 0:25:13]} Qg5 {[%clk 0:28:46]} 25. Rg1 {[%clk 0:25:37]} Qh5
{[%clk 0:28:23]} 26. Qg3 {[%clk 0:18:14]} dxe4 {[%clk 0:17:36]} 27. Qg4
{[%clk 0:18:16]} Qa5 {[%clk 0:17:36]} 28. Bb4 {[%clk 0:18:20]} Qc7
{[%clk 0:17:29]} 29. Qe6 {[%clk 0:10:42]} a5 {[%clk 0:13:13]} 30. Bc5
{[%clk 0:09:43]} Qf4 {[%clk 0:12:33]} 31. Rad1 {[%clk 0:07:09]} Nf3
{[%clk 0:12:24]} 32. Bd6 {[%clk 0:07:22]} Qh4 {[%clk 0:08:48]} 33. Nxf3
{[%clk 0:07:42]} exf3 {[%clk 0:08:53]} 34. Bg3 {[%clk 0:08:08]} Qh5
{[%clk 0:08:36]} 35. d5 {[%clk 0:08:17]} Nf8 {[%clk 0:08:17]} 36. Qe4
{[%clk 0:08:20]} Rd7 {[%clk 0:06:56]} 37. Rge1 {[%clk 0:05:22]} b5
{[%clk 0:04:10]} 38. d6 {[%clk 0:05:40]} Rc8 {[%clk 0:04:25]} 39. Re3
{[%clk 0:04:51]} Rf7 {[%clk 0:04:09]} 40. Red3 {[%clk 0:01:40]} Nd7
{[%clk 0:03:06]} 41. Qe6 {[%clk 0:01:38]} Rb8 {[%clk 0:00:40]} 42. Rd5
{[%clk 0:01:45]} Nf8 {[%clk 0:01:00]} 43. Rxh5 {[%clk 0:01:35]} Nxe6
{[%clk 0:01:26]} 44. Re5 {[%clk 0:01:41]} Nf8 {[%clk 0:00:48]} 45. Re7
{[%clk 0:01:53]} Rd8 {[%clk 0:00:59]} 46. Rde1 {[%clk 0:01:46]} h6
{[%clk 0:00:42]} 47. h4 {[%clk 0:02:06]} Nd7 {[%clk 0:00:34]} 48. Rxf7
{[%clk 0:01:25]} Kxf7 {[%clk 0:01:01]} 49. Re3 {[%clk 0:01:44]} Nf6
{[%clk 0:00:48]} 50. Rxf3 {[%clk 0:01:55]} Kg6 {[%clk 0:00:38]} 51. Re3
{[%clk 0:01:46]} Kf5 {[%clk 0:00:34]} 52. Re5+ {[%clk 0:02:05]} Kg4
{[%clk 0:00:58]} 53. Kg2 {[%clk 0:02:14]} g5 {[%clk 0:01:10]} 54. Rxb5
{[%clk 0:02:13]} Rc8 {[%clk 0:01:12]} 55. f3+ {[%clk 0:02:23]} Kh5
{[%clk 0:01:37]} 56. Be5 {[%clk 0:02:21]} Nd7 {[%clk 0:01:36]} 57. hxg5
{[%clk 0:02:08]} Kxg5 {[%clk 0:01:14]} 58. f4+ {[%clk 0:02:22]} Kg4
{[%clk 0:01:16]} 59. Rxa5 {[%clk 0:01:38]} h5 {[%clk 0:01:16]} 60. Ra7
{[%clk 0:02:02]} Rd8 {[%clk 0:01:35]} 61. c4 {[%clk 0:02:11]} h4 {[%clk 0:01:53]}
62. Bd4 {[%clk 0:01:10]} Nb8 {[%clk 0:00:58]} 63. c5 {[%clk 0:01:22]} Nc6
{[%clk 0:00:37]} 64. Rg7+ {[%clk 0:01:45]} Kxf4 {[%clk 0:00:57]} 65. Bf6
{[%clk 0:02:03]} Ra8 {[%clk 0:00:54]} 66. Bxh4 {[%clk 0:01:24]} Rxa2+
{[%clk 0:01:18]} 67. Bf2 {[%clk 0:01:24]} Rd2 {[%clk 0:01:10]} 68. Rc7
{[%clk 0:00:58]} Ne5 {[%clk 0:00:58]} 69. Rc8 {[%clk 0:00:59]} Ke4
{[%clk 0:00:44]} 70. Kf1 {[%clk 0:00:36]} Nd3 {[%clk 0:00:34]} 71. Re8+
{[%clk 0:00:47]} Kf3 {[%clk 0:00:34]} 72. Rf8+ {[%clk 0:00:33]} Nf4
{[%clk 0:00:35]} 73. Be1 {[%clk 0:00:36]} Rd1 {[%clk 0:00:32]} 74. Rf7
{[%clk 0:00:37]} Kg4 {[%clk 0:00:36]} 75. d7 {[%clk 0:00:51]} Ng6
{[%clk 0:00:33]} 76. Ke2 {[%clk 0:00:37]} Rd5 {[%clk 0:00:48]} 77. Ba5
{[%clk 0:00:45]} Ne5 {[%clk 0:00:31]} 78. Rg7+ {[%clk 0:01:00]} 1-0

[Event "EYCC 2024 - G18"]
[Site "?"]
[Date "2024.08.30"]
[Round "8.8"]
[White "Akat, Elifnaz"]
[Black "Barwinska, Ewa"]
[Result "1/2-1/2"]
[BlackElo "2035"]
[WhiteElo "1888"]
[LiveChessVersion "1.4.8"]

1. d4 {[%clk 1:30:58]} Nf6 {[%clk 1:30:51]} 2. c4 {[%clk 1:31:17]} e6
{[%clk 1:31:13]} 3. Nf3 {[%clk 1:31:31]} b6 {[%clk 1:28:45]} 4. Nc3
{[%clk 1:30:37]} Bb7 {[%clk 1:27:25]} 5. e3 {[%clk 1:30:22]} d5 {[%clk 1:19:49]}
6. Be2 {[%clk 1:29:00]} Be7 {[%clk 1:19:06]} 7. O-O {[%clk 1:27:58]} O-O
{[%clk 1:19:25]} 8. b3 {[%clk 1:27:59]} c5 {[%clk 1:13:31]} 9. Bb2
{[%clk 1:27:08]} Nbd7 {[%clk 1:12:22]} 10. Rc1 {[%clk 1:24:45]} Rc8
{[%clk 1:10:53]} 11. Re1 {[%clk 1:15:18]} dxc4 {[%clk 1:04:48]} 12. Bxc4
{[%clk 1:12:44]} cxd4 {[%clk 1:00:46]} 13. exd4 {[%clk 1:07:39]} Bb4
{[%clk 0:55:53]} 14. Ne5 {[%clk 1:04:20]} Nd5 {[%clk 0:49:56]} 15. Bxd5
{[%clk 0:56:01]} Bxd5 {[%clk 0:44:49]} 16. Qg4 {[%clk 0:47:20]} Nf6
{[%clk 0:42:14]} 17. Qh4 {[%clk 0:45:56]} Bb7 {[%clk 0:37:05]} 18. Red1
{[%clk 0:43:47]} Nd5 {[%clk 0:22:18]} 19. Qxd8 {[%clk 0:43:03]} Rfxd8
{[%clk 0:21:22]} 20. Nxd5 {[%clk 0:43:29]} Bxd5 {[%clk 0:21:38]} 21. f3
{[%clk 0:42:51]} f6 {[%clk 0:20:23]} 22. Ng4 {[%clk 0:40:41]} h5 {[%clk 0:16:50]}
23. Ne3 {[%clk 0:35:29]} Rxc1 {[%clk 0:16:47]} 24. Bxc1 {[%clk 0:35:48]} Bb7
{[%clk 0:10:08]} 25. Bb2 {[%clk 0:34:54]} Kf7 {[%clk 0:07:43]} 26. Kf2
{[%clk 0:30:58]} Bd6 {[%clk 0:07:29]} 27. g3 {[%clk 0:28:45]} h4 {[%clk 0:07:07]}
28. Kg2 {[%clk 0:27:27]} Rc8 {[%clk 0:06:50]} 29. Rc1 {[%clk 0:27:44]} Rxc1
{[%clk 0:06:24]} 30. Bxc1 {[%clk 0:28:13]} Bb4 {[%clk 0:06:07]} 31. gxh4
{[%clk 0:27:50]} 1/2-1/2

[Event "EYCC 2024 - G18"]
[Site "?"]
[Date "2024.08.30"]
[Round "8.9"]
[White "Keskin, Elif"]
[Black "Hernandez Tellez, Claudia"]
[Result "1/2-1/2"]
[BlackElo "2025"]
[WhiteElo "1790"]
[LiveChessVersion "1.4.8"]

1. d4 {[%clk 1:30:57]} Nf6 {[%clk 1:30:53]} 2. Nf3 {[%clk 1:31:22]} b6
{[%clk 1:31:19]} 3. c3 {[%clk 1:30:55]} Bb7 {[%clk 1:31:14]} 4. Bg5
{[%clk 1:27:25]} Ne4 {[%clk 1:22:38]} 5. Bh4 {[%clk 1:25:43]} d5 {[%clk 1:14:22]}
6. e3 {[%clk 1:21:42]} Nd7 {[%clk 1:12:32]} 7. Nbd2 {[%clk 1:20:13]} h6
{[%clk 1:10:37]} 8. Nxe4 {[%clk 1:14:48]} dxe4 {[%clk 1:10:59]} 9. Nd2
{[%clk 1:14:40]} Nf6 {[%clk 1:06:04]} 10. Bb5+ {[%clk 1:09:55]} c6
{[%clk 1:05:38]} 11. Ba4 {[%clk 1:09:17]} Qd5 {[%clk 1:00:26]} 12. Qc2
{[%clk 1:04:41]} g5 {[%clk 0:49:30]} 13. Bg3 {[%clk 1:04:46]} Nh5
{[%clk 0:48:52]} 14. Qxe4 {[%clk 0:59:21]} Qxe4 {[%clk 0:48:42]} 15. Nxe4
{[%clk 0:59:49]} O-O-O {[%clk 0:48:26]} 16. Nd2 {[%clk 0:51:13]} c5
{[%clk 0:46:26]} 17. dxc5 {[%clk 0:50:10]} bxc5 {[%clk 0:45:03]} 18. e4
{[%clk 0:46:38]} Bg7 {[%clk 0:43:44]} 19. O-O-O {[%clk 0:46:16]} Nxg3
{[%clk 0:40:38]} 20. hxg3 {[%clk 0:46:33]} Kc7 {[%clk 0:41:03]} 21. Bc2
{[%clk 0:45:42]} Ba6 {[%clk 0:40:08]} 22. Nb3 {[%clk 0:43:13]} Kb6
{[%clk 0:39:47]} 23. Rhe1 {[%clk 0:41:33]} Bc4 {[%clk 0:39:30]} 24. Kb1
{[%clk 0:40:42]} Bxb3 {[%clk 0:39:01]} 1/2-1/2